Uczestnicy Euro 2024 - Statystyki

Ogólne statystyki
  • Ten quiz został rozwiązany 663 razy
  • Średni wynik to 21 z 24
Statystyki odpowiedzi
Grupa Reprezentacja % Poprawnych
Grupa A Niemcy
99%
Grupa D Polska
98%
Grupa D Francja
96%
Grupa D Holandia
96%
Grupa D Austria
94%
Grupa B Hiszpania
94%
Grupa A Szkocja
92%
Grupa B Włochy
92%
Grupa C Anglia
89%
Grupa B Chorwacja
89%
Grupa A Szwajcaria
89%
Grupa A Węgry
88%
Grupa B Albania
85%
Grupa E Słowacja
84%
Grupa C Słowenia
83%
Grupa E Belgia
81%
Grupa E Ukraina
81%
Grupa C Dania
78%
Grupa F Czechy
77%
Grupa F Gruzja
73%
Grupa E Rumunia
73%
Grupa C Serbia
73%
Grupa F Turcja
73%
Grupa F Portugalia
72%
Nie znaleziono quizów pasujących do podanych kryteriów
Rozkład punktacji
Procent ludzi z każdym wynikiem
Percentyl według liczby udzielonych odpowiedzi
Twoja historia wyników
Nie rozwiązałeś tego quizu